书目信息 |
| 题名: |
居住环境和公共场所有害因素及其防治
|
|
| 作者: | 刘君卓 编著 | |
| 分册: | ||
| 出版信息: | 北京 化学工业出版社 2004 |
|
| 页数: | 272页 | |
| 开本: | 20cm | |
| 丛书名: | 生活环境中有害因素防护丛书 | |
| 单 册: | ||
| 中图分类: | R126 , X5 | |
| 科图分类: | ||
| 主题词: | 居住环境--ju zhu huan jing--有害因素--防治 , 公共场所--gong gong chang suo--有害因素--防治 , 环境污染 , 环境污染--污染防治 | |
| 电子资源: | ||
| ISBN: | 7-5025-5076-3 | |
| 000 | 01210nam 2200301 450 | |
| 001 | 0100001784 | |
| 005 | 20071024102003.59 | |
| 010 | @a7-5025-5076-3@dCNY19.00 | |
| 100 | @a20070921d2004 em y0chiy0121 ea | |
| 101 | 0 | @achi |
| 102 | @aCN@b110000 | |
| 105 | @ay z 000yy | |
| 200 | 1 | @a居住环境和公共场所有害因素及其防治@Aju zhu huan jing gong gong chang suo you yin su ji fang zhi@f刘君卓等编著 |
| 205 | @a第2版 | |
| 210 | @a北京@c化学工业出版社@d2004 | |
| 215 | @a272页@d20cm | |
| 225 | 2 | @a生活环境中有害因素防护丛书@Ashen huo huan jing zhong you yin su fang hu cong shu |
| 330 | @a本书在对居室环境和公共场所中的各种有害物质进行全面介绍的基础上, 以各论的形式对居室环境和公共场所中主要存在的90种有害物质进行了较为详尽的阐述, 并提出了简便易行的预防与防治措施, 为人们创造出更加清新、纯净的生活环境提供了指南。 | |
| 410 | 0 | @12001 @a生活环境中有害因素防护丛书 |
| 606 | 0 | @a居住环境@Aju zhu huan jing@x有害因素@x防治 |
| 606 | 0 | @a公共场所@Agong gong chang suo@x有害因素@x防治 |
| 606 | 0 | @a环境污染 |
| 606 | 0 | @a环境污染@x污染防治 |
| 690 | @aR126@v4 | |
| 690 | @aX5@v4 | |
| 701 | 0 | @a刘君卓@Aliu jun zhuo@4编著 |
| 801 | 0 | @aCN@c20071024 |
| 905 | @b20663841-43@dR126@eL639=2@fR126/L639=2 | |
| 居住环境和公共场所有害因素及其防治/刘君卓等编著.-第2版.-北京:化学工业出版社,2004 |
| 272页;20cm.-(生活环境中有害因素防护丛书) |
| ISBN 7-5025-5076-3:CNY19.00 |
| 本书在对居室环境和公共场所中的各种有害物质进行全面介绍的基础上, 以各论的形式对居室环境和公共场所中主要存在的90种有害物质进行了较为详尽的阐述, 并提出了简便易行的预防与防治措施, 为人们创造出更加清新、纯净的生活环境提供了指南。 |
| ● |
| 相关链接 |
|
|
|
正题名:居住环境和公共场所有害因素及其防治
索取号:R126/L639=2
 
预约/预借
| 序号 | 登录号 | 条形码 | 馆藏地/架位号 | 状态 | 备注 |
| 1 | 663841 | 206638414 | 自科库401/401自科库 103排5列2层/ [索取号:R126/L639=2] | 在馆 | |
| 2 | 663842 | 206638423 | 期刊室512/401自科库 103排5列2层/ [索取号:R126/L639=2] | 在馆 | |
| 3 | 663843 | 206638432 | 期刊室512/401自科库 103排5列2层/ [索取号:R126/L639=2] | 在馆 |